| 000 | 00000nam 2200000za 4500 |
| 001 | 9.698806 |
| 003 | CaOODSP |
| 005 | 20210625000109 |
| 007 | cr ||||||||||| |
| 008 | 150407|2012||||xxc|||||o f|0| 0 eng d |
| 040 | |aCaOODSP|beng |
| 043 | |an-cn--- |
| 086 | 1 |aSE3-84/2012E-PDF |
| 245 | 00|aReturning officers post-mortem sessions, 41st general election |h[electronic resource] : |bsummary |
| 260 | |aOttawa : |bElections Canada, |c[2012]. |
| 300 | |a18 p. |
| 590 | |a14-07-Supp|b2014-04-03 |
| 690 | 07|aElections|2gcpds |
| 710 | 2 |aElections Canada. |
| 775 | 08|tSessions récapitulatives avec les directeurs du scrutin, 41e élection générale |w(CaOODSP)9.642817 |
| 856 | 40|ahttp://publications.gc.ca|qPDF|s72 KB|uhttps://publications.gc.ca/collections/collection_2014/elections/SE3-84-2012-eng.pdf |